000 00571nam a2200193Ia 4500
999 _c11291
_d11291
003 OSt
005 20191219145314.0
008 190216s9999||||xx |||||||||||||| ||und||
020 _a9780070263642
040 _coclc
082 _a337
_bCHE/I
100 _aCherunilam, Francis
_9546
245 0 _aInternational Economics /
_cFrancis Cherunilam
250 _a5th ed.
260 _bTata Mcgraw Hill Publishing Company Ltd,
_c2012.
_aNew Delhi:
300 _a733p
650 _aInternational Economics
942 _cBK
_2ddc
_h337
_iCHE/I
_k337
_mCHE/I